MARC details
| 000 -LÍDER |
| campo de controle de tamanho fixo |
01501naa a22003617a 4500 |
| 001 - NÚMERO DE CONTROLE |
| campo de controle |
BR8500982 |
| 003 - IDENTIFICADOR DO NÚMERO DE CONTROLE |
| campo de controle |
BR-BrBNA |
| 005 - DATA E HORÁRIO DA ÚLTIMA TRANSAÇÃO |
| campo de controle |
20240918175531.0 |
| 007 - CAMPO FIXO DE DESCRIÇÃO FÍSICA--INFORMAÇÃO GERAL |
| campo de controle de tamanho fixo |
ta |
| 008 - CAMPO DE DADOS FIXOS--INFORMAÇÃO GERAL |
| campo de controle de tamanho fixo |
230509b bl.||||| |||| 00| 0 por d |
| 040 ## - FONTE DA CATALOGAÇÃO |
| Instituição da catalogação original |
BR-BrBNA |
| Idioma da catalogação |
por |
| Instituição que transcreveu o registro |
Biblioteca Nacional de Agricultura |
| 041 ## - CÓDIGO DE IDIOMA |
| Código do idioma do texto/trilha sonora ou título diferente |
(Pt) |
| 072 ## - CÓDIGO DE CATEGORIA DE ASSUNTO |
| Código de Categoria de Assunto |
F30 |
| Código do objeto |
1060 |
| -- |
1030 |
| -- |
1050 |
| -- |
G514 |
| 090 ## - NÚMERO DE CHAMADA LOCAL |
| Número de chamada |
F30 BR8500982 |
| 100 1# - ENTRADA PRINCIPAL--NOME PESSOAL |
| Nome pessoal |
Reck, S.R. |
| 100 1# - ENTRADA PRINCIPAL--NOME PESSOAL |
| Nome pessoal |
Porto, O. de M. |
| 111 1# - ENTRADA PRINCIPAL--NOME DO EVENTO |
| Nome do evento ou lugar |
7. Congresso Brasileiro de Fruticultura |
| Local do evento |
Florianopolis, SC (Brazil) |
| Data do evento ou assinatura do tratado |
26-30 Sep 1983 |
| 245 1# - TÍTULO |
| Título |
Porta-enxertos para laranjeira Hamlin (Citrus sinensis (L.)Osbeck)no Rio Grande do Sul [limao, Citrus limon, tangerina, Citrus reticulata, rendimento, Brasil] |
| 246 1# - FORMA VARIANTE DO TÍTULO |
| Título/título abreviado |
Rootstocks for Hamlin orange (Citrus sinensis (L.)Osbeck)in Rio Grande do Sul [lemon, Citrus limon, tangerine, Citrus reticulata, yield, Brazil] |
| 246 1# - FORMA VARIANTE DO TÍTULO |
| Título/título abreviado |
[Proceedings of the 7. Brazilian Congress on Fruit Crops] |
| 260 3# - PUBLICAÇÃO, DISTRIBUIÇÃO, ETC. |
| Local de publicação, distribuição, etc. |
Florianopolis, SC (Brasil): |
| Data da publicação, distribuição, etc. |
1984. |
| 500 ## - NOTA GERAL |
| Nota geral |
Anais do 7. Congresso Brasileiro de Fruticultura<br/>Florianopolis, SC (Brasil): 1984. v. 2 p. 657-662<br/>(BR8500982-AM)F30<br/> |
| 650 ## - ASSUNTO--TERMO TÓPICO |
| Cabeçalho tópico ou nome geográfico |
LARANJA |
| 650 ## - ASSUNTO--TERMO TÓPICO |
| Cabeçalho tópico ou nome geográfico |
VARIEDADE |
| 650 ## - ASSUNTO--TERMO TÓPICO |
| Cabeçalho tópico ou nome geográfico |
LIMAO |
| 650 ## - ASSUNTO--TERMO TÓPICO |
| Cabeçalho tópico ou nome geográfico |
TANGERINA |
| 650 ## - ASSUNTO--TERMO TÓPICO |
| Cabeçalho tópico ou nome geográfico |
PORTA ENXERTO |
| 650 ## - ASSUNTO--TERMO TÓPICO |
| Cabeçalho tópico ou nome geográfico |
RENDIMENTO |
| 650 ## - ASSUNTO--TERMO TÓPICO |
| Cabeçalho tópico ou nome geográfico |
RIO GRANDE DO SUL |
| 773 0# - ENTRADA ANALÍTICA |
| Título |
Anais do 7. Congresso Brasileiro de Fruticultura |
| Número de controle do registro |
F30 BR8500982 |
| Partes relacionadas |
Florianopolis, SC (Brasil), 1984. v. 2 p. 657-662 |
| 909 ## - |
| -- |
202404 |
| -- |
Lucia |
| -- |
55 |
| -- |
Lucia Elande |
| 942 ## - ELEMENTOS DE ENTRADA ADICIONADOS (KOHA) |
| Tipo de material Koha |
Capítulo-Livro |
| Fonte da classificação ou esquema de arquivamento na estante |
Classificação AGRIS |